[Event "Najdorf Memorial"]
[Site "Warsaw POL"]
[Date "2024.07.12"]
[Round "4.7"]
[White "Kazakouski, Valery"]
[Black "Gibala, Adam"]
[Result "1-0"]
[WhiteElo "2603"]
[BlackElo "2171"]

1. e4 c5 2. Nf3 d6 3. d4 cxd4 4. Nxd4 Nf6 5. Nc3 a6 6. Bd3 e5 7. Nde2 Be7
8. Ng3 O-O 9. O-O Be6 10. a4 Nc6 11. Bg5 Nb4 12. Re1 h6 13. Bxf6 Bxf6 14.
a5 Nc6 15. Nd5 Bg5 16. b4 Bxd5 17. exd5 Nxb4 18. Be4 Qc7 19. Ra4 Qc5 20. c3
Qxc3 21. Qb1 Qc5 22. Rd1 f5 23. Bxf5 Nxd5 24. Qa2 g6 25. Rxd5 Qa7 26. Rxd6+
Kh8 27. Rxg6 Rad8 28. Rxg5 hxg5 29. Qe2 b5 30. Qh5+ 1-0

[Event "Najdorf Memorial"]
[Site "Warsaw POL"]
[Date "2024.07.12"]
[Round "4.8"]
[White "Pujari, Rucha"]
[Black "Fus, Jakub"]
[Result "1/2-1/2"]
[WhiteElo "2173"]
[BlackElo "2444"]

1. d4 Nf6 2. c4 e6 3. Nf3 d5 4. Nc3 Nbd7 5. Bf4 Bb4 6. e3 c5 7. Bd3 cxd4 8.
exd4 dxc4 9. Bxc4 Nb6 10. Bd3 Nbd5 11. Bd2 O-O 12. O-O Bd7 13. Ne5 Bc6 14.
Nxc6 bxc6 15. Rc1 Rb8 16. Qf3 Qb6 17. Nxd5 cxd5 18. Bf4 Bd6 19. Rc2 Bxf4
20. Qxf4 Rbc8 21. Rfc1 Rxc2 22. Rxc2 Qa5 23. b3 Qe1+ 24. Bf1 Ne4 25. Qe3
Qa1 26. h3 g6 27. a4 Nd6 28. g4 Rc8 29. Rxc8+ Nxc8 30. Qg5 Qc3 31. Qd8+ Kg7
32. g5 Nb6 33. Qf6+ Kg8 34. Qd8+ Kg7 35. Qf6+ 1/2-1/2

[Event "Najdorf Memorial"]
[Site "Warsaw POL"]
[Date "2024.07.12"]
[Round "4.9"]
[White "Jarmula, Lukasz"]
[Black "Kubik, Rafal"]
[Result "1-0"]
[WhiteElo "2432"]
[BlackElo "2118"]

1. Nf3 Nf6 2. g3 g6 3. Bg2 Bg7 4. O-O O-O 5. c4 c6 6. d4 d5 7. a4 a5 8.
cxd5 cxd5 9. Qb3 Nc6 10. Nc3 Ne4 11. e3 e6 12. Nxe4 dxe4 13. Nd2 f5 14. Nc4
Ra6 15. Bd2 Qd5 16. f3 exf3 17. Bxf3 Qd8 18. Rad1 Kh8 19. Bc3 Qc7 20. Qa3
Rd8 21. Qc5 Rd7 22. Kg2 Qd8 23. Ne5 Nxe5 24. dxe5 Bf8 25. Qc4 Qc7 26. Qh4
Be7 27. Rxd7 Qxd7 28. Qc4 b5 29. axb5 Rb6 30. Rd1 Qe8 31. Kg1 Bb7 32. Bxb7
Rxb7 33. Qxe6 Qxb5 34. Qf7 Rc7 35. Rd8+ 1-0

[Event "Najdorf Memorial"]
[Site "Warsaw POL"]
[Date "2024.07.12"]
[Round "4.10"]
[White "Zawadzka, Jolanta"]
[Black "Rekuc, Patryk"]
[Result "1-0"]
[WhiteElo "2349"]
[BlackElo "2107"]

1. e4 c5 2. Nf3 d6 3. d4 cxd4 4. Qxd4 Nc6 5. Bb5 a6 6. Bxc6+ bxc6 7. O-O e5
8. Qa4 Qc7 9. c4 Nf6 10. c5 Bg4 11. Be3 dxc5 12. Nbd2 Nd7 13. Rfc1 Be7 14.
h3 Be6 15. Nb3 Qb6 16. Nfd2 O-O 17. Na5 Qb5 18. Qa3 Rfe8 19. Qc3 Rec8 20.
Ndc4 Qb8 21. Rc2 h6 22. Rd1 Qc7 23. Rcd2 Rab8 24. Nd6 Rd8 25. Nac4 Bxd6 26.
Rxd6 Nb6 27. Qxe5 Nxc4 28. Rxd8+ Rxd8 29. Qxc7 Rxd1+ 30. Kh2 Nxe3 31. fxe3
Rd2 32. Qb8+ Kh7 33. a4 Re2 34. Qb6 Rxe3 35. Qxa6 Rxe4 36. Qxc6 Rb4 37. a5
Rxb2 38. a6 Rd2 39. Qe4+ g6 40. a7 Bd5 41. Qxd5 Rxd5 42. a8=Q Rf5 43. Qc6
Kg7 44. Qd6 g5 45. Qd3 Rf6 46. Qc3 c4 47. Qxc4 Re6 48. Kg3 Kg8 49. Kg4 Kg7
50. Qd4+ Kg8 51. Kf5 Rg6 52. g3 Re6 53. Qd8+ Kg7 54. Qd4+ Kg8 55. h4 gxh4
56. gxh4 Rg6 57. h5 Re6 58. Qd7 Kg7 59. Qd8 Ra6 60. Qd4+ Kg8 61. Qd8+ Kg7
62. Ke5 Re6+ 63. Kd5 Re1 64. Qh4 Re6 65. Kc5 Kg8 66. Kb5 Kg7 67. Qg3+ Kh7
68. Qf4 Kg7 69. Qb8 Re3 70. Kc6 Rc3+ 71. Kd5 Re3 72. Qb2+ Kg8 73. Kd6 Rd3+
74. Kc6 Re3 75. Qd4 Re6+ 76. Kd7 Kh7 77. Qc5 Kg8 78. Qc8+ Kg7 79. Qb8 Re3
80. Qb2+ Kg8 81. Qg2+ Kh7 82. Qf2 Rd3+ 83. Ke7 1-0

[Event "Najdorf Memorial"]
[Site "Warsaw POL"]
[Date "2024.07.12"]
[Round "4.11"]
[White "Terkiewicz, Bruno"]
[Black "Johannesson, Ingvar Thor"]
[Result "1-0"]
[WhiteElo "2170"]
[BlackElo "2314"]

1. d4 Nf6 2. c4 e6 3. Nf3 d5 4. g3 Be7 5. Bg2 O-O 6. O-O dxc4 7. Qc2 b5 8.
a4 b4 9. Ne5 Nd5 10. Nxc4 c5 11. dxc5 Bxc5 12. Rd1 Nd7 13. e4 N5b6 14. Na5
Ba6 15. Nb3 Rc8 16. a5 Be3 17. Nc3 Nc4 18. fxe3 bxc3 19. Qxc3 Nce5 20. Qd2
Nd3 21. Nd4 N7e5 22. b4 Qf6 23. b5 Bb7 24. Ba3 Rfd8 25. Qe2 Qg6 26. Rxd3
Nxd3 27. Qxd3 e5 28. Bb2 exd4 29. exd4 f5 30. d5 fxe4 31. Bxe4 Qh6 32. Rd1
Re8 33. Bd4 Rc1 34. Bf3 Rec8 35. Rxc1 Qxc1+ 36. Kg2 Rc2+ 37. Bf2 Qb2 38.
Qe3 Qxb5 39. Qe6+ Kh8 40. Qf5 Qc5 41. Be4 Rxf2+ 42. Qxf2 Qd6 43. Qf4 Qd8
44. Qe5 Kg8 45. Qe6+ Kf8 46. Qf5+ Ke8 47. Qxh7 Bxd5 48. Qh8+ 1-0

[Event "Najdorf Memorial"]
[Site "Warsaw POL"]
[Date "2024.07.12"]
[Round "4.12"]
[White "Sriram, Jha"]
[Black "Szymkiewicz, Witold"]
[Result "1-0"]
[WhiteElo "2304"]
[BlackElo "2054"]

1. Nf3 d5 2. g3 Nf6 3. Bg2 c5 4. O-O Nc6 5. d4 Bg4 6. Ne5 cxd4 7. Nxg4 Nxg4
8. c3 e6 9. cxd4 Bb4 10. e4 Nf6 11. e5 Nd7 12. Qg4 Kf8 13. Nc3 h5 14. Qf4
Rc8 15. Be3 Nb6 16. Ne2 Nc4 17. b3 Nb2 18. a3 g5 19. Qf6 Qxf6 20. exf6 Ba5
21. Rab1 Nd3 22. b4 Ndxb4 23. axb4 Bxb4 24. Bxg5 Kg8 25. Nf4 a5 26. Nd3 Bc3
27. Rxb7 Nxd4 28. Rfb1 Nc6 29. Nc5 Ne5 30. Na4 Bb4 31. Bf4 Nd3 32. Bc7 Kh7
33. Bf1 Ne1 34. Be2 Kg6 35. Nb6 Kxf6 36. Nxc8 Rxc8 37. Rc1 1-0

[Event "Najdorf Memorial"]
[Site "Warsaw POL"]
[Date "2024.07.12"]
[Round "4.13"]
[White "Wiech, Grzegorz"]
[Black "Mulawa, Cyprian"]
[Result "1/2-1/2"]
[WhiteElo "2106"]
[BlackElo "2302"]

1. e4 c5 2. Nf3 d6 3. d4 cxd4 4. Nxd4 Nf6 5. Nc3 a6 6. Bg5 e6 7. Qe2 Be7 8.
O-O-O Qc7 9. f4 b5 10. e5 dxe5 11. fxe5 Nd5 12. Qg4 Nxc3 13. Bxe7 Qxe7 14.
Qxg7 Nxd1 15. Qxh8+ Qf8 16. Qxf8+ Kxf8 17. Kxd1 Nd7 18. Bd3 Bb7 19. Rf1 Ke7
20. Nf3 Rg8 21. g3 Bxf3+ 22. Rxf3 Nxe5 23. Re3 Ng4 24. Re2 h5 25. b4 f6 26.
a4 Ne5 27. axb5 Nxd3 28. cxd3 axb5 29. Ra2 h4 30. Ra7+ Kd6 31. gxh4 Rg4 32.
h5 Rxb4 33. h6 Rh4 34. h7 Rxh2 35. Rb7 b4 36. Rxb4 Rxh7 37. Ke2 Rh2+ 38.
Ke3 Rh3+ 39. Ke2 Kc5 40. Ra4 e5 41. Ra6 Rh6 42. Ke3 Kd5 43. Ke2 Rh2+ 44.
Ke3 Rh3+ 45. Ke2 f5 46. Ra5+ Ke6 47. Ra6+ Kf7 48. Rb6 Rg3 49. Rb5 Ke6 50.
Rb6+ Kd5 51. Rb5+ Kd4 52. Rb4+ Kc5 53. Ra4 f4 54. Re4 Kd5 55. Kd2 Rg2+ 56.
Ke1 Rb2 57. Kd1 Ra2 58. Ke1 f3 59. Re3 f2+ 60. Kf1 Rd2 61. Kg2 Ke6 62. d4
Rxd4 63. Kxf2 Kd5 64. Ra3 Rd1 65. Ke3 Re1+ 66. Kd2 Rh1 67. Ra4 Ke6 68. Ke3
Kf5 69. Rb4 Rh3+ 70. Ke2 Rh2+ 71. Ke3 Ra2 72. Rc4 Ke6 73. Rc8 Ra3+ 74. Ke4
Ra4+ 75. Ke3 e4 76. Kf4 Kd5 77. Rd8+ Ke6 78. Re8+ Kd5 79. Re5+ Kc4 80.
Rxe4+ Kb3 81. Rxa4 Kxa4 1/2-1/2

[Event "Najdorf Memorial"]
[Site "Warsaw POL"]
[Date "2024.07.12"]
[Round "4.14"]
[White "Chomczyk, Marek"]
[Black "Rozycki, Bartlomiej"]
[Result "1/2-1/2"]
[WhiteElo "2297"]
[BlackElo "2099"]

1. e4 c6 2. Nf3 d5 3. Nc3 Bg4 4. h3 Bxf3 5. Qxf3 Nf6 6. Be2 e5 7. d3 d4 8.
Nb1 Bd6 9. Qg3 Nbd7 10. O-O Nf8 11. c3 Ne6 12. Bg4 Nxg4 13. Qxg4 Qf6 14.
Nd2 h5 15. Qf3 O-O-O 16. cxd4 Nxd4 17. Qxf6 gxf6 18. Nc4 Bb8 19. Be3 Ne2+
20. Kh2 Rxd3 21. Bc5 Rd7 22. a4 Nd4 23. Ra3 Ne6 24. Be3 Rhd8 25. g4 hxg4
26. hxg4 Rd1 27. Ra1 Rxf1 28. Rxf1 b6 29. Kg3 Bc7 30. Rh1 Kd7 31. b4 Ke7
32. Rc1 Bd6 33. b5 Nd4 34. Bxd4 exd4+ 35. Nxd6 Rxd6 36. bxc6 Kd8 37. c7+
Kc8 38. Kf3 d3 1/2-1/2

[Event "Najdorf Memorial"]
[Site "Warsaw POL"]
[Date "2024.07.12"]
[Round "4.15"]
[White "Sprzeczka, Emilia"]
[Black "Mickiewicz, Piotr"]
[Result "0-1"]
[WhiteElo "2101"]
[BlackElo "2257"]

1. e4 e5 2. Nf3 Nc6 3. d4 exd4 4. Nxd4 Qf6 5. Nxc6 Bc5 6. Qf3 bxc6 7. Nc3
Rb8 8. Na4 Qxf3 9. gxf3 Bd4 10. Be3 Bxe3 11. fxe3 Ne7 12. O-O-O d6 13. Rg1
Be6 14. b3 O-O 15. Bd3 f5 16. e5 f4 17. exf4 Rxf4 18. Rde1 Kf7 19. Rgf1 Re8
20. Nc3 d5 21. Ne2 Rh4 22. Rf2 c5 23. f4 g6 24. Ng3 Rf8 25. c4 c6 26. Kd2
Kg7 27. Ref1 a5 28. Ke3 a4 29. Rg1 Kh6 30. Ne2 Rb8 31. Nc1 Rb4 32. Rc2 Nf5+
33. Bxf5 Bxf5 34. Rd2 dxc4 35. a3 c3 36. axb4 cxd2 37. Kxd2 Rxh2+ 38. Ke1
a3 39. bxc5 a2 40. Nxa2 Rxa2 41. Rg3 Rc2 42. Re3 Be6 43. b4 Rc4 44. Rd3
Rxb4 45. Rd6 Bd5 46. Kd2 Rxf4 47. Kd3 Re4 0-1

[Event "Najdorf Memorial"]
[Site "Warsaw POL"]
[Date "2024.07.12"]
[Round "4.16"]
[White "Kazmierowski, Tymon"]
[Black "Janeczko, Jakub"]
[Result "1/2-1/2"]
[WhiteElo "2096"]
[BlackElo "2246"]

1. d4 Nf6 2. c4 b6 3. Nc3 Bb7 4. Nf3 e6 5. a3 g6 6. Qc2 Bg7 7. e4 O-O 8.
Be2 d5 9. cxd5 exd5 10. e5 Ne4 11. Be3 Nd7 12. Rd1 Qe7 13. O-O c5 14. Qb3
cxd4 15. Bxd4 Nxc3 16. Qxc3 Rac8 17. Qe3 Nc5 18. Rfe1 Rfd8 19. Bd3 Ne6 20.
Bb1 Nxd4 21. Nxd4 Re8 22. f4 f6 23. e6 f5 24. Ba2 Qc5 25. b4 Qe7 26. Qd2
Rcd8 27. h3 a6 28. Kh2 Rd6 29. Re2 Qf6 30. Qe3 Re7 31. Qf3 h6 32. a4 Kh7
33. b5 axb5 34. axb5 Qf8 35. Nc6 Rexe6 36. Rxe6 Rxe6 37. Qxd5 Re2 38. Qc4
Re4 39. Qb3 h5 40. Rd8 Qf6 41. Rd7 Bc8 42. Qg8+ Kh6 43. Qxc8 Qh4 44. Qb8
Re3 45. Rd1 Rxh3+ 1/2-1/2

[Event "Najdorf Memorial"]
[Site "Warsaw POL"]
[Date "2024.07.12"]
[Round "4.17"]
[White "Kondys, Piotr"]
[Black "Chiszko, Oskar"]
[Result "1/2-1/2"]
[WhiteElo "2089"]
[BlackElo "2192"]

1. e4 c6 2. d4 d5 3. exd5 cxd5 4. Bd3 Nc6 5. c3 Nf6 6. Bf4 Bg4 7. Qb3 Qd7
8. Nd2 e6 9. Ngf3 Bd6 10. Bxd6 Qxd6 11. O-O O-O 12. Rae1 Bf5 13. Qc2 Bxd3
14. Qxd3 b5 15. Ne5 Rab8 16. a3 Na5 17. b4 Nc4 18. Ndxc4 dxc4 19. Qc2 Nd5
20. Re4 a5 21. Rh4 h6 22. bxa5 Qxa3 23. Rh3 Rb7 24. Rb1 Rc8 25. Rg3 f6 26.
Ng4 h5 27. Qe4 Qe7 28. Nh6+ Kh8 29. Nf5 exf5 30. Qxd5 Qe4 31. Qxe4 fxe4 32.
Re3 Ra8 33. Ra1 b4 34. cxb4 Rxb4 35. f3 exf3 36. Rxf3 Kg8 37. Rf5 Kf7 38.
Rc5 Ke6 39. Rc1 Ra4 40. R1xc4 R8xa5 41. Rxa4 Rxa4 42. Rxh5 Rxd4 43. Kf2 g5
44. Rh8 Kf5 45. Re8 Kf4 46. Re3 Rd2+ 47. Re2 Rd1 48. g3+ Kf5 49. h3 Rh1 50.
Kg2 Ra1 51. Kf2 Ra3 52. Kg2 Rb3 53. Kf2 Rb4 54. Kf3 Rb3+ 55. Re3 1/2-1/2

[Event "Najdorf Memorial"]
[Site "Warsaw POL"]
[Date "2024.07.12"]
[Round "4.19"]
[White "Gbiorczyk, Mikolaj"]
[Black "Czajkowski, Adam"]
[Result "1/2-1/2"]
[WhiteElo "2034"]
[BlackElo "2184"]

1. e4 c5 2. Nf3 e6 3. d4 cxd4 4. Nxd4 Nc6 5. Nc3 Qc7 6. Be3 a6 7. a3 Nf6 8.
f4 Nxd4 9. Bxd4 Qxf4 10. g3 Qc7 11. e5 Nd5 12. Nxd5 exd5 13. Bg2 d6 14. Qe2
Be6 15. exd6 Bxd6 16. O-O O-O 17. Qf2 Rfe8 18. Rad1 h5 19. Kh1 Rac8 20. c3
Re7 21. Qd2 Be5 22. Qg5 Bxd4 23. Rxd4 g6 24. Rh4 Qd8 25. Rxh5 Rd7 26. Rf6
Kg7 27. h4 Qxf6 28. Rh7+ Kxh7 29. Qxf6 d4 30. cxd4 Rc1+ 31. Kh2 Rc2 32. Kg1
Rc1+ 33. Kh2 Rc2 34. Kg1 Rc1+ 1/2-1/2

[Event "Najdorf Memorial"]
[Site "Warsaw POL"]
[Date "2024.07.12"]
[Round "4.20"]
[White "Sanz Losada, Victoriano"]
[Black "Padalka, Artem"]
[Result "1/2-1/2"]
[WhiteElo "2002"]
[BlackElo "2177"]

1. e4 c5 2. Nf3 e6 3. d4 cxd4 4. Nxd4 Nf6 5. Bd3 Nc6 6. Nb3 d5 7. exd5 Nxd5
8. a3 Bd6 9. c4 Nf4 10. Be4 Qc7 11. Nc3 a6 12. c5 Be5 13. Na4 f5 14. Bf3
O-O 15. Nb6 Rd8 16. Qc2 Nd3+ 17. Ke2 Rb8 18. Bg5 Bf6 19. Bxf6 gxf6 20. g3
Nce5 21. Bg2 Bd7 22. Nxd7 Rxd7 23. f4 Ng4 24. h3 Ngf2 25. Rhf1 Ne4 26. Bxe4
fxe4 27. Qc4 Qc6 28. Nd4 Qd5 29. Qxd5 Rxd5 30. Nxe6 Kf7 31. f5 Nxb2 32. Ke3
Re5 33. Rfb1 Nc4+ 34. Kf4 e3 35. c6 b5 36. a4 Nd2 37. Rb4 e2 38. Rd4 e1=Q
39. Rxe1 Rxe1 40. c7 Rc8 41. Rxd2 Ke7 42. axb5 axb5 43. Rb2 Re5 44. g4 Ra8
45. Ra2 Rc8 46. Rb2 h6 47. h4 Rd5 48. Ke4 Kd6 49. Ra2 Rd1 50. Ra6+ Ke7 51.
Rb6 Rg1 52. Kd5 Kd7 53. Rd6+ Ke7 54. Rb6 Kd7 55. Rd6+ Ke7 56. Rb6 Kd7
1/2-1/2

[Event "Najdorf Memorial"]
[Site "Warsaw POL"]
[Date "2024.07.12"]
[Round "4.22"]
[White "Ishvi, Aggarwal"]
[Black "Romanishin, Oleg M"]
[Result "0-1"]
[WhiteElo "1958"]
[BlackElo "2331"]

1. d4 Nf6 2. c4 e6 3. g3 Bb4+ 4. Bd2 c5 5. Nf3 b6 6. Bg2 Bb7 7. O-O O-O 8.
Nc3 cxd4 9. Nb5 Be7 10. Nfxd4 Bxg2 11. Kxg2 a6 12. Nc3 Qc8 13. b3 Nc6 14.
Nc2 Qb7 15. f3 Rfd8 16. Qc1 d5 17. cxd5 exd5 18. Bg5 Rac8 19. Qd2 d4 20.
Nd1 d3 21. exd3 Ne5 22. d4 Nxf3 23. Rxf3 Ne4 24. Qd3 Nxg5 25. Ne1 Bf6 26.
h4 Rxd4 0-1

[Event "Najdorf Memorial"]
[Site "Warsaw POL"]
[Date "2024.07.12"]
[Round "4.23"]
[White "Maack, Kjartan"]
[Black "Deszczynski, Adam"]
[Result "0-1"]
[WhiteElo "2066"]
[BlackElo "2305"]

1. c4 e5 2. Nc3 Nf6 3. g3 Bb4 4. Nd5 Bc5 5. Bg2 d6 6. e3 Nxd5 7. cxd5 O-O
8. Ne2 Bg4 9. h3 Bxe2 10. Qxe2 Qe7 11. O-O Nd7 12. d3 f5 13. Bd2 a5 14.
Rac1 b5 15. Kh2 b4 16. Rce1 Rae8 17. f4 g6 18. Qd1 Qg7 19. Qc2 Bb6 20. a3
bxa3 21. bxa3 Nf6 22. Qc4 Qh6 23. d4 exd4 24. exd4 Ne4 25. Bxe4 fxe4 26.
Re2 Qh5 27. Rfe1 Qf3 28. Qc3 e3 29. Rxe3 Rxe3 30. Qxe3 Qxd5 31. Qe6+ Qxe6
32. Rxe6 Rf5 33. Re7 Rb5 34. Be3 Rb2+ 35. Kg1 Rb3 36. Kf2 Rxa3 37. g4 Ra4
38. Kf3 Ra3 39. Ke4 Kf8 40. Rxh7 d5+ 41. Ke5 Rxe3+ 42. Kf6 Bxd4+ 43. Kxg6
Re6+ 44. Kg5 Bg7 45. f5 Ra6 0-1

[Event "Najdorf Memorial"]
[Site "Warsaw POL"]
[Date "2024.07.12"]
[Round "4.24"]
[White "Krol, Jan"]
[Black "Koziorowicz, Michal"]
[Result "0-1"]
[WhiteElo "2064"]
[BlackElo "2285"]

1. e4 e6 2. d4 d5 3. e5 c5 4. c3 Nc6 5. Nf3 Bd7 6. Be2 Nge7 7. O-O cxd4 8.
cxd4 Nf5 9. Nc3 Be7 10. g4 Nh4 11. Nxh4 Bxh4 12. Be3 O-O 13. f4 f6 14. Bb5
fxe5 15. Bxc6 Bxc6 16. dxe5 Qe8 17. Bd4 Qg6 18. b4 b5 19. h3 a5 20. Qb1
Qxb1 21. Raxb1 axb4 22. Rxb4 Be7 23. Rb2 b4 24. Nd1 Bb5 25. Rff2 Ra3 26.
Kg2 Rd3 27. Rbd2 Rxd2 28. Rxd2 Rxf4 29. Kg3 Re4 30. h4 Re2 31. Rxe2 Bxe2
32. Nb2 h6 33. g5 hxg5 34. hxg5 Kf7 35. Bb6 Bxg5 0-1

[Event "Najdorf Memorial"]
[Site "Warsaw POL"]
[Date "2024.07.12"]
[Round "4.25"]
[White "Dhananjay, S"]
[Black "Ashwath, Kaushik"]
[Result "1-0"]
[WhiteElo "2207"]
[BlackElo "2029"]

1. c4 e6 2. g3 d5 3. Bg2 Nf6 4. Nf3 Be7 5. O-O O-O 6. b3 c6 7. Bb2 b6 8.
Nc3 a5 9. d4 Ba6 10. Ne5 Nfd7 11. Nxd7 Nxd7 12. Re1 Rc8 13. e3 dxc4 14. Bf1
b5 15. bxc4 bxc4 16. Re2 Qc7 17. Rd2 Rfd8 18. f4 Nb6 19. e4 f5 20. Bh3 g6
21. Qe2 Bf6 22. Rad1 Qg7 23. Qe3 c5 24. exf5 Rc6 25. Ne4 Nd5 26. Nxf6+ Qxf6
27. dxc5 Rf8 28. Rxd5 Qxb2 29. fxe6 c3 30. e7 Re8 31. Rd8 c2 32. Rxe8+ Kg7
33. Rg8+ Kh6 34. f5+ Kh5 35. g4+ Kh4 36. Qh6# 1-0

[Event "Najdorf Memorial"]
[Site "Warsaw POL"]
[Date "2024.07.12"]
[Round "4.26"]
[White "Przybylski, Bartosz"]
[Black "Dahale, Atul"]
[Result "0-1"]
[WhiteElo "2060"]
[BlackElo "2169"]

1. e4 c5 2. Nf3 d6 3. d4 cxd4 4. Nxd4 Nf6 5. Nc3 a6 6. Bg5 e6 7. f4 Qb6 8.
Qd2 h6 9. Bh4 Nbd7 10. f5 Ne5 11. Be2 Be7 12. Bf2 Qc7 13. h3 Bd7 14. O-O b5
15. a3 Rc8 16. Nf3 exf5 17. exf5 Bxf5 18. Nd4 Bg6 19. Bh4 Ne4 20. Nxe4 Bxe4
21. Bxe7 Qxe7 22. a4 Nc4 23. Qf4 O-O 24. axb5 axb5 25. Bg4 Rc5 26. Ne6 Bxg2
27. Kxg2 g5 28. Qe4 Re5 29. Qg6+ fxg6 30. Rxf8+ Qxf8 31. Nxf8 Kxf8 32. Ra8+
Ke7 33. Bf3 Ne3+ 34. Kf2 Nxc2 35. Ra7+ Ke6 36. Rg7 Kf6 37. Rd7 Ke6 38. Rg7
Rf5 39. Kg3 Rf6 40. Be4 Nd4 41. Bxg6 Ne2+ 42. Kh2 Rf2+ 43. Kh1 Ng3+ 44. Kg1
Rxb2 45. Bd3 Ne2+ 46. Kf1 Nf4 47. Be4 d5 48. Bf3 d4 49. Rh7 d3 50. Rxh6+
Ke5 51. h4 Kd4 52. Bd1 Rb1 53. Ke1 Ke3 0-1

[Event "Najdorf Memorial"]
[Site "Warsaw POL"]
[Date "2024.07.12"]
[Round "4.27"]
[White "Wojtaszewski, Piotr"]
[Black "Aishwin, Daniel"]
[Result "1/2-1/2"]
[WhiteElo "2028"]
[BlackElo "2155"]

1. d4 e6 2. c4 f5 3. g3 Nf6 4. Bg2 Be7 5. Nf3 O-O 6. O-O d6 7. Nc3 Ne4 8.
Nxe4 fxe4 9. Ne1 d5 10. Be3 Nc6 11. Rc1 Bf6 12. f3 dxc4 13. Rxc4 e5 14. d5
exf3 15. Nxf3 Ne7 16. Bc5 Rf7 17. e4 Bg4 18. Qb3 b6 19. Bxe7 Qxe7 20. Rfc1
Kh8 21. R1c3 c5 22. Rd3 1/2-1/2

[Event "Najdorf Memorial"]
[Site "Warsaw POL"]
[Date "2024.07.12"]
[Round "4.28"]
[White "Bergan, Gaute"]
[Black "Jarzebowski, Kacper"]
[Result "0-1"]
[WhiteElo "2027"]
[BlackElo "2131"]

1. e4 c6 2. d4 d5 3. Nd2 dxe4 4. Nxe4 Nf6 5. Ng3 h5 6. h4 Bg4 7. f3 Be6 8.
Bd3 Qxd4 9. N1e2 Qb6 10. Nf4 Bc4 11. Bxc4 Qb4+ 12. Kf2 Qxc4 13. b3 Qc3 14.
Be3 Nbd7 15. Re1 O-O-O 16. Nge2 Qa5 17. b4 Qa3 18. c3 e5 19. Nh3 Nc5 20.
Qc2 Nd3+ 21. Kf1 Nxe1 22. Rxe1 Bd6 23. Ng5 Rhf8 24. Rb1 Nd5 25. Bf2 g6 26.
Ne4 Be7 27. b5 f5 28. Rb3 Qa4 29. Nd2 c5 30. c4 Nb4 31. Qb2 Qxa2 32. Qxa2
Nxa2 33. Rb2 Nb4 34. Nc1 e4 35. fxe4 fxe4 36. Nxe4 0-1

[Event "Najdorf Memorial"]
[Site "Warsaw POL"]
[Date "2024.07.12"]
[Round "4.29"]
[White "Smietanska, Wiktoria"]
[Black "Nagly, Wojciech"]
[Result "1-0"]
[WhiteElo "2125"]
[BlackElo "2016"]

1. Nf3 d5 2. c4 c6 3. d4 Nf6 4. e3 Bf5 5. b3 e6 6. Nbd2 h6 7. Bb2 Bd6 8.
Be2 O-O 9. O-O Nbd7 10. Ne5 Qc7 11. f4 Ne4 12. Nxe4 Bxe4 13. Bf3 Bh7 14.
Rc1 f6 15. cxd5 Nxe5 16. dxe5 fxe5 17. dxc6 Rad8 18. Qe1 exf4 19. cxb7 Qb6
20. Rc6 Qxe3+ 21. Qxe3 fxe3 22. Rxd6 Rxd6 23. Ba3 e2 24. Bxd6 exf1=Q+ 25.
Kxf1 Rd8 26. b8=Q Rxb8 27. Bxb8 Bb1 28. a3 a5 29. Bd1 Bd3+ 30. Kf2 Bb5 31.
a4 1-0

[Event "Najdorf Memorial"]
[Site "Warsaw POL"]
[Date "2024.07.12"]
[Round "4.30"]
[White "Hury, Tymoteusz"]
[Black "Kaczmarek, Arkadiusz"]
[Result "0-1"]
[WhiteElo "1954"]
[BlackElo "2103"]

1. e4 c5 2. Nf3 a6 3. g3 b5 4. Bg2 Bb7 5. d3 e6 6. O-O Nf6 7. c3 d5 8. e5
Nfd7 9. Re1 Nc6 10. Bf4 Be7 11. h4 h6 12. Qc1 Qb6 13. Nbd2 a5 14. c4 Nb4
15. Qb1 Rb8 16. a3 Na6 17. cxd5 Bxd5 18. Ne4 Qb7 19. Qd1 c4 20. Nc3 Bc6 21.
a4 bxa4 22. Nxa4 g5 23. hxg5 hxg5 24. Bxg5 Bxg5 25. Nxg5 Bxg2 26. f3 Bh3
27. Ne4 Qa7+ 28. d4 Ke7 29. Qd2 Rbg8 30. Rad1 Bf5 31. Nac3 Nxe5 32. Qf4 Nd7
33. Ng5 Qb8 34. Re5 Nxe5 35. dxe5 Qb6+ 36. Rd4 Rd8 37. Ne2 Rxd4 38. Nxd4
Rd8 39. Ne4 Qxd4+ 40. Kg2 Qxb2+ 41. Nf2 Rd2 42. Qg5+ Kd7 43. Qf6 Rxf2+ 44.
Kg1 Rg2+ 45. Kh1 Rh2+ 46. Kg1 Qg2# 0-1

[Event "Najdorf Memorial"]
[Site "Warsaw POL"]
[Date "2024.07.12"]
[Round "4.31"]
[White "Sidorczuk, Pawel"]
[Black "Bartodziej, Bartosz"]
[Result "0-1"]
[WhiteElo "2096"]
[BlackElo "2005"]

1. e4 c5 2. Nf3 d6 3. d4 cxd4 4. Nxd4 Nf6 5. Nc3 a6 6. Bg5 e6 7. f4 h6 8.
Bh4 Qb6 9. Qd2 Qxb2 10. Rb1 Qa3 11. e5 dxe5 12. fxe5 Nfd7 13. Ne4 Qxa2 14.
Rd1 Qd5 15. Qe3 Qxe5 16. Be2 Bc5 17. Bg3 Bxd4 18. Rxd4 Qa5+ 19. Rd2 O-O 20.
Bd6 f5 21. Bxf8 Nxf8 22. Nd6 Nbd7 23. Nc4 Qc7 24. O-O b5 25. Nd6 Qc5 26.
Qd4 Qxd4+ 27. Rxd4 Nc5 28. g4 g6 29. gxf5 gxf5 30. Kf2 Bd7 31. Rg1+ Kh7 32.
Bh5 Bc6 33. Rh4 Nfd7 34. Be8 Ne4+ 35. Ke1 Ne5 36. Bxc6 Nf3+ 37. Kf1 Nxh4
38. Nxe4 Rf8 39. Nd6 Rd8 40. Ne8 Ng6 41. Rg2 h5 42. Nf6+ Kg7 43. Nxh5+ Kf7
44. Ke1 Rh8 45. Bf3 Nh4 46. Rg7+ Kf8 47. Be2 Rxh5 48. Ra7 Rg5 49. Rxa6 Ke7
50. Bxb5 Nf3+ 51. Kf2 Nxh2 52. Bc4 Ng4+ 53. Ke2 Rg6 54. Bb3 Rh6 55. c4 e5
56. Rxh6 Nxh6 57. c5 Ng4 58. Kf3 Nf6 59. Bc2 Ke6 60. Bb3+ Kd7 61. Bc2 f4
62. Ba4+ Kc7 63. Bb5 Kb7 64. Ba4 Ka6 65. Bc6 Ka5 66. Bb7 Kb5 67. c6 Kb6 68.
Ba8 Kc7 69. Bb7 Kd6 70. Ba8 Nd5 71. Ke4 Nc7 72. Bb7 Ne6 73. Ba8 Nc5+ 74.
Kf3 Kc7 75. Kg4 Kb8 76. c7+ Kxc7 77. Bh1 Kd6 78. Kf5 Nd3 79. Bb7 Ne1 80.
Ke4 Ke6 81. Bd5+ Kf6 82. Bb3 Ng2 83. Ba4 Nh4 84. Bd7 Ng6 85. Bc8 Nf8 86.
Bb7 Ne6 87. Bc6 Ng5+ 88. Kd3 Kf5 89. Bd7+ Ne6 90. Bc6 Nc5+ 91. Kc4 Ne6 92.
Kd3 Nc5+ 93. Kc4 Ne4 94. Bd7+ Kf6 95. Bh3 Nf2 96. Bg2 Kf5 97. Kc3 Kg4 98.
Kd2 e4 99. Ke2 Kg3 100. Bf1 Ng4 101. Ke1 f3 102. Bc4 Nh2 103. Bb5 e3 104.
Bc4 f2+ 105. Kd1 0-1

[Event "Najdorf Memorial"]
[Site "Warsaw POL"]
[Date "2024.07.12"]
[Round "4.32"]
[White "Lasota, Adam"]
[Black "Praczukowski, Stanislaw"]
[Result "0-1"]
[WhiteElo "1968"]
[BlackElo "2086"]

1. d4 Nf6 2. Bf4 d5 3. e3 c5 4. c3 Nc6 5. Nd2 Bf5 6. Ngf3 Qb6 7. Nh4 Bd7 8.
Qb3 c4 9. Qc2 Nh5 10. Bg3 g5 11. Nhf3 Nxg3 12. hxg3 g4 13. Ng1 O-O-O 14. e4
e6 15. Ne2 Bd6 16. Rh5 f5 17. exd5 exd5 18. Nf4 Ne7 19. Rh6 Qc7 20. Ne6
Bxe6 21. Rxe6 Qd7 22. Re2 Kb8 23. O-O-O Ng8 24. Ree1 Nf6 25. Be2 Rde8 26.
Bf1 h5 27. b3 cxb3 28. Qxb3 Rc8 29. Bb5 Qf7 30. Kb2 h4 31. gxh4 Rxh4 32. g3
Rh2 33. Re2 Ne4 34. Nxe4 fxe4 35. Rdd2 Rh7 36. Rc2 Qf5 37. a4 Ka8 38. c4
Qf6 39. cxd5 Qxd4+ 40. Ka2 Rxc2+ 41. Rxc2 a6 42. Be2 Be5 43. Rc8+ Ka7 44.
Qe3 Qxe3 45. fxe3 Rh2 46. Rc2 Rg2 47. Kb3 Rxg3 48. Kc4 Rxe3 49. Bxg4 Ra3
50. Bd7 Kb6 51. Be8 Rd3 52. Bg6 a5 53. Rc1 Rd4+ 54. Kb3 Rb4+ 55. Kc2 Rxa4
56. Re1 Ra2+ 57. Kb3 Rb2+ 58. Ka3 Rd2 59. Bxe4 Kc5 60. Bh1 Bd6 61. Kb3 Kb5
62. Rb1 Bb4 63. Rb2 Rd1 64. Bg2 Rc1 65. Be4 Rd1 66. Ka2 Kc5 67. Kb3 Rd4 68.
Bg2 a4+ 69. Ka2 b5 70. Rc2+ Kb6 71. Bf3 Rd3 72. Be4 Re3 73. Bf5 Ka5 74. Bc8
Bc3 75. d6 b4 76. Kb1 b3 77. Rc1 a3 0-1

[Event "Najdorf Memorial"]
[Site "Warsaw POL"]
[Date "2024.07.12"]
[Round "4.33"]
[White "Patil, Harshal"]
[Black "Klim, Filip"]
[Result "1-0"]
[WhiteElo "2083"]
[BlackElo "2000"]

1. Nf3 d5 2. c4 e6 3. e3 Nf6 4. Nc3 c6 5. b3 Nbd7 6. Bb2 Bd6 7. Qc2 O-O 8.
Be2 Qe7 9. Rg1 Ne5 10. Nxe5 Bxe5 11. f4 Bd6 12. g4 d4 13. g5 dxc3 14. gxf6
Qxf6 15. Bxc3 Qh4+ 16. Rg3 g6 17. O-O-O Qxh2 18. Rdg1 Qxe2 19. Rxg6+ fxg6
20. Rxg6+ Kf7 21. Rg7+ Ke8 22. Qxh7 Qe1+ 23. Kb2 Kd8 24. Qd3 Qh4 25. Ba5+
b6 26. Qxd6+ Ke8 27. Qxc6+ Kd8 28. Qc7+ Ke8 29. Bb4 Qf6+ 30. d4 1-0

[Event "Najdorf Memorial"]
[Site "Warsaw POL"]
[Date "2024.07.12"]
[Round "4.34"]
[White "Gacek, Waldemar"]
[Black "Kulpa, Zuzanna"]
[Result "1-0"]
[WhiteElo "2081"]
[BlackElo "1954"]

1. Nf3 c5 2. c4 Nc6 3. Nc3 e5 4. e3 d6 5. d4 cxd4 6. exd4 Bg4 7. Be2 Nf6 8.
Be3 Be7 9. h3 Bxf3 10. Bxf3 O-O 11. O-O Nd7 12. Bd5 Bf6 13. Ne4 Nb6 14.
Nxf6+ Qxf6 15. Bxc6 bxc6 16. b3 Qe7 17. dxe5 dxe5 18. Re1 Nd7 19. Qd2 h6
20. Rad1 Rfd8 21. Qd6 Qf6 22. Qxf6 Nxf6 23. Rxd8+ Rxd8 24. Bxa7 Ra8 25. Bc5
Nd7 26. Bd6 Rxa2 27. Bxe5 Ra3 28. b4 Nxe5 29. Rxe5 Ra4 30. Re8+ Kh7 31. Rb8
c5 32. bxc5 Rxc4 33. Rb5 Rc1+ 34. Kh2 Rc3 35. f3 Kg6 36. Kg3 Rc2 37. Kf4
Rxg2 38. Ke5 Re2+ 39. Kd6 Rd2+ 40. Kc7 Kf5 41. c6+ Ke6 42. Kb7 Rc2 43. c7
Kd7 44. Rd5+ Ke6 45. Rd8 Rb2+ 46. Ka6 Ra2+ 47. Kb5 Rb2+ 48. Ka4 Rc2 49.
c8=Q+ Rxc8 50. Rxc8 1-0